1281 1514 1110 1150 1767 1086 1483 1005 1000 1403 1983 1810 1566 1360 1064 1560 1621 1965 1961 1616 1269 1668 1105 1275 1042 1903 1862 1348 1094 1031 1958 1504 1665 1309 1583 1352 1629 1603 1694 1840 1557 1761 1455 1847 1818 1707 1469 1353 1679 1758 1588 1113 1130 1950 1595 1560 1532 1571 1431 1536 1295 1023 1453 1898 1038 1393 1766 1842 1223 1721 1581 1971 1603 1100 1959 1282 1879 1017 1683 1464 1570 1348 1364 1232 1983 1405 1234 1677 1917 1871 1413 1128 1460 1623 1060 1866 1945 1967 1404 BCNSPRNW ULIB Ver.6.0+V

เปลี่ยนเป็นภาษาไทย

Change to English
 แสดงรายละเอียดบรรณานุกรม
  กลับหน้าหลัก

Brief Record : Get Marc (ISO 2709) : E-mail record : QR code < ปิดหน้าต่าง
LEADER : 00000nam 2200000uu 4500
001    13399125967
003     ULIB
008    171124s2559||||th 000 0 tha d
060  0 ^aวจWB100^bธ163ร
100 0  ^aธนะวัฒน์ วงศ์ผัน
245 10 ^aรายงานการวิจัยฉบับสมบูรณ์โครงการสำรวจค่าน้ำหนักภาวะสุขภาพของผู้ป่วยโดยใช้แบบสอบถาม EQ-5D ใน 5 กลุ่มโรค : เอชไอวี/เอดส์ เบาหวาน มะเร็งตับ โรคหลอดเลือดสมอง และการบาดเจ็บ ประจำปี 2552-2553 /^cธนะวัฒน์ วงศืผัน วิโรจน์ ตั้งเจริญเสถียร รุ่งทิวา หมื่นป่า รพีพรรณ เดชพิชัย อารยา ศรีไพโรจน์ ลลิตา กองคำ ชุติเดช ตาบ-องครักษ์ ธันยาพร เพิ่มวงศ์ ภัทรพรรณ อดทน จิราภรณ์ ประฑรรมโย ปิยาพันธ์ อารีญาติ
260    ^aนนทบุรี:^bสำนักงานพัฒนานโยบายสุขภาพระหว่างประเทศ,^c2559
300    ^a222 หน้า :^bภาพประกอบ ;^c19 ซม.
650  7 ^aภาวะสุขภาพ^xวิจัย
945    ^p0^l0^i003407
999    ^aประนอม เกษจรัล
รายการนี้ยังไม่มีแท็ก
คุณยังไม่ได้ล็อกอิน คุณสามารถมีกิจกรรมร่วมกับเว็บไซต์ได้ แต่ต้องล็อกอินก่อน ::
  ล็อกอิน

รายการสื่อสารสนเทศ

ลำดับที่ ประเภท เลขเรียก/บาร์โค้ด สถานที่ สถานะ
1. งานวิจัย
งานวิจัย
วจWB100 ธ163ร ฉ.1 
  Barcode: 003407
ห้องสมุดวิทยาเขตสวรรค์ประชารักษ์
►วิจัย
บนชั้น

รายการใกล้เคียง
    ผู้แต่ง [ธนะวัฒน์ วงศ์ผัน]

BibComment


ยังไม่เคยถูกคอมเมนท์

คอมเมนท์ทรัพยากรรายการนี้
  คอมเมนท์: รายงานการวิจัยฉบ..


 Copyright 2026. Bcnsprnw @Library